Missing Word: South Park Episodes (A-Z) Quiz Stats

 Plays Quiz not verified by Sporcle

Challenge
Share
Tweet
Embed
Score 0/25 Timer 05:00
0 Plays Today
Episode Missing Word % Correct
The Passion of the _____Jew
76.9%
Weight _____ 4000Gain
74.6%
Sexual Harassment _____Panda
73.2%
Christian _____ HardRock
67.1%
Cherokee _____ TamponsHair
62.3%
Broadway _____ DownBro
59.5%
The _____ Camp of ToleranceDeath
58.5%
Mystery of the _____ DeuceUrinal
56.7%
_____ on StrikeCanada
55.6%
_____ CapadesLice
54.4%
_____ for RatingsQuest
54%
_____ Fried ChickenMedicinal
49.5%
Krazy _____Kripples
47.7%
Episode Missing Word % Correct
_____ KeeperTrapper
47%
Chef _____Aid
44.7%
_____ Wins!Obama
43%
Go _____ YourselfFund
42.6%
Follow that _____Egg
38.4%
Cartman's _____ GiftIncredible
37.9%
World War _____Zimmerman
34.9%
City _____Sushi
33.8%
Here Comes the _____Neighborhood
33.1%
Fun With _____Veal
31.9%
Free _____Willzyx
25.4%
You're Not _____Yelping
23.6%

You're not logged in!

Compare scores with friends on all Sporcle quizzes.
OR
Log In

You Might Also Like...

Show Comments

Extras

Top Quizzes Today


Score Distribution

Your Account Isn't Verified!

In order to create a playlist on Sporcle, you need to verify the email address you used during registration. Go to your Sporcle Settings to finish the process.

Report this User

Report this user for behavior that violates our Community Guidelines.

Details: